=LDR 00000nam 2200000 4500 =001 INLIS000000000031683 =005 20130612133737 =008 ***********************************ind** =035 ##$$0010-061300000031683 =041 ##$$a ind =082 ##$$a 029.5 =090 ##$$a 028.5, Kon p =100 ##$$a KONIFSHI, Sellchi =245 ##$$a Penemuan Flim, Seikhi Konshi =260 ##$$a Alexmedia Komputindo $b Jakarta =300 ##$$a 28 hlm., , Illus., , 23 cm =650 ##$$a BACAAN ANAK-ANAK =700 ##$$a AMININGSIH, Nina Siti =850 ##$$a NBPNMAT